| 000 | 01737nam0a22003371 4500 | ||
|---|---|---|---|
| 001 | rc\2789751 | ||
| 005 | 20250529170604.0 | ||
| 035 | _a(NLR Aleph) 006915883 | ||
| 090 |
_a7395512 _c7395512 |
||
| 100 | _a20110915d1935 |||y0rusy50 ca | ||
| 101 | 0 | _arus | |
| 102 | _aRU | ||
| 105 | _aa z ||||| | ||
| 200 | 1 |
_aПороды и разведение сельскохозяйственных животных _e(Краткий конспект курса) _fПроф. С. Г. Давыдов, А. И. Краснокутская, М. П. Либизов, П. Р. Лепер _g[Предисл.: П. Марьев] _gЛенингр. высш. ком. с.-х. школа им. С. М. Кирова |
|
| 210 |
_aМосква _aЛенинград _cЛенсельхозгиз по заказу Ленингр. высш. ком. с.-х. школой им. С. М. Кирова _d1935 _eЛенинград _gтип. "Печатный двор" |
||
| 215 |
_aОбл., 146, [2] с. _cсхем. _d20х14 см. |
||
| 300 | _aОбл.: М. Смирнова | ||
| 300 | _aПеред загл.: проф. С. Г. Давыдов, А. И. Краснокутская, М. П. Либизов и п. Р. Лепер | ||
| 300 | _aВ продажу не поступает | ||
| 702 | 1 |
_aЛибизов _bМ.П. _4570 |
|
| 702 | 1 |
_aЛепер _bП.Р. _4570 |
|
| 702 | 1 |
_aДавыдов _bС.Г. _gСергей Георгиевич _4570 |
|
| 702 | 1 |
_aКраснокутская _bА.И. _4570 |
|
| 702 | 1 |
_aМарьев _bП. _4080 |
|
| 712 | 0 | 2 | _aЛенинградская высш. ком. с.-х. школа им. Кирова |
| 801 | 0 |
_aRU _bNLR _gpsbo |
|
| 801 | 1 |
_aRU _bELAR _2rusmarc |
|
| 852 |
_aNLR _j35-3/244 |
||
| 942 | _cBOOK | ||
| 980 | _aNB | ||